000 00564nam a2200217Ia 4500
003 OSt
005 20220928140205.0
006 a|||||r|||| 00| 0
007 ta
008 220927b |||||||| |||| 00| 0 eng d
024 _a7490
037 _cTextual
040 _aSDCL
_cSDCL
_beng
041 _2eng
_aeng
082 _aX:741.73'N7, L8
100 _aEckstein Otto
_9425685
245 0 _aGreat recession with a postscript on stagflation
260 _c1978
942 _hX:741.73'N7, L8
_cTEXL
_2CC
999 _c810561
_d810561